[Event "ICS rated blitz match"]
[Site "204.178.125.65"]
[Date "1999.10.08"]
[Round "?"]
[White "inmichess"]
[Black "Hossa"]
[Result "1-0"]
[WhiteElo "2485"]
[BlackElo "2427"]
[PlyCount "59"]
[EventDate "1999.??.??"]

1. e4 c5 2. g3 e6 3. Nf3 d5 4. exd5 exd5 5. Bb5+ Nc6 6. O-O a6 7. Bxc6+ bxc6 8.
Re1+ Be7 9. Ne5 Qc7 10. c4 Nf6 11. d3 Bh3 12. Bf4 Qb6 13. Qb3 Qa5 14. Nc3 Rc8
15. Qb7 O-O 16. Nxc6 Rxc6 17. Qxc6 Rc8 18. Qb7 d4 19. Rxe7 dxc3 20. Rxf7 Nd7
21. Re7 cxb2 22. Qxb2 Nf6 23. Bh6 Rc7 24. Rxg7+ Rxg7 25. Qxf6 Qc7 26. Re1 Be6
27. Rxe6 Qe7 28. Rxe7 Rxg3+ 29. hxg3 a5 30. Qf8# {Hossa checkmated} 1-0

[Event "ICS rated blitz match"]
[Site "204.178.125.65"]
[Date "1999.10.16"]
[Round "?"]
[White "inmichess"]
[Black "Hossa"]
[Result "1-0"]
[WhiteElo "2462"]
[BlackElo "2437"]
[PlyCount "125"]
[EventDate "1999.??.??"]

1. e4 c5 2. d4 cxd4 3. c3 dxc3 4. Nxc3 Nc6 5. Nf3 e6 6. Bc4 a6 7. O-O Nge7 8.
a4 d6 9. Bg5 b6 10. Rc1 Bb7 11. Qe2 Na5 12. Bd3 f6 13. Be3 Nb3 14. Rc2 Nc5 15.
Bc4 Kf7 16. Rd1 Nc6 17. Nd4 Nb4 18. Rcd2 Rc8 19. Nf5 Nxe4 20. Nxd6+ Bxd6 21.
Nxe4 Nd5 22. Nxd6+ Qxd6 23. Bxa6 Bxa6 24. Qxa6 Qb4 25. Rb1 Qa5 26. Qxa5 bxa5
27. Rd4 Rc2 28. Bd2 Ra8 29. Rd3 h5 30. b3 g5 31. Kf1 Kg6 32. Re1 Ra6 33. Re4
Rb2 34. Red4 Ra7 35. h4 Rb1+ 36. Ke2 g4 37. Re4 Ra6 38. g3 Kg7 39. Rc4 Rb2 40.
Rc5 Nb4 41. Rc7+ Kg6 42. Rd8 e5 43. Rb7 Re6 44. Rbd7 e4 45. Rg8+ Kf5 46. Rh8
Ra6 47. Rxh5+ Kg6 48. Rc5 f5 49. h5+ Kf6 50. Rh7 e3 51. fxe3 Ra8 52. Rh6+ Kg7
53. Rd6 Na2 54. Kf2 Rf8 55. h6+ Kh8 56. Rd7 Rxb3 57. Rcc7 Rb7 58. Rh7+ Kg8 59.
Rhg7+ Kh8 60. Rxb7 Rd8 61. Rh7+ Kg8 62. Rbg7+ Kf8 63. Rh8# {Hossa checkmated}
1-0

[Event "ICS rated blitz match"]
[Site "204.178.125.65"]
[Date "1999.08.30"]
[Round "?"]
[White "inmortal"]
[Black "Hossa"]
[Result "0-1"]
[WhiteElo "2366"]
[BlackElo "2515"]
[PlyCount "76"]
[EventDate "1999.??.??"]

1. e4 c6 2. Nc3 d5 3. Nf3 d4 4. Ne2 c5 5. d3 Nc6 6. g3 e5 7. Bg2 Bd6 8. O-O
Nge7 9. Ne1 O-O 10. f4 f6 11. Nf3 b6 12. f5 Bb7 13. g4 Rc8 14. Ng3 b5 15. h4 c4
16. Rf2 a5 17. Bf1 cxd3 18. cxd3 a4 19. g5 Rc7 20. Rg2 Bc5 21. Nh5 Nxf5 22.
exf5 fxg5 23. Nxg5 Nb4 24. Ne6 Qxh4 25. Nxc7 Bxg2 26. Bxg2 Rxf5 27. Ng3 Qxg3
28. Bd2 Rf2 29. Qf1 Rxf1+ 30. Rxf1 Qxd3 31. Bxb4 Bxb4 32. Bd5+ Kh8 33. Ne6 Qg6+
34. Kh1 Qh5+ 35. Kg2 e4 36. Nf4 Qg4+ 37. Kh1 Bd6 38. Rc1 38... Bxf4 {
inmortal resigns} 0-1

[Event "ICS rated blitz match"]
[Site "204.178.125.65"]
[Date "1999.08.30"]
[Round "?"]
[White "inmortal"]
[Black "Hossa"]
[Result "0-1"]
[WhiteElo "2374"]
[BlackElo "2492"]
[PlyCount "74"]
[EventDate "1999.??.??"]

1. e4 c6 2. Nc3 d5 3. Nf3 d4 4. Ne2 c5 5. d3 Nc6 6. g3 e5 7. Bg2 Bd6 8. O-O
Nge7 9. Ne1 O-O 10. f4 f6 11. Nf3 b6 12. f5 Bb7 13. g4 Rc8 14. Ng3 b5 15. h4 c4
16. Rf2 a5 17. Bf1 cxd3 18. cxd3 a4 19. Rg2 Qb6 20. g5 Kh8 21. Nh5 fxg5 22.
Nxg5 g6 23. Ng3 a3 24. bxa3 Rf6 25. Qg4 Rg8 26. fxg6 Rgxg6 27. Qh5 h6 28. Nf7+
Rxf7 29. Bxh6 Bxa3 30. Be2 Rh7 31. Nf5 Rxg2+ 32. Kxg2 Qd8 33. Kh2 Nxf5 34. exf5
Bf8 35. Bg5 Rxh5 36. Bxd8 Rxf5 37. Bg5 37... Rf2+ {inmortal resigns} 0-1

[Event "ICS rated blitz match"]
[Site "204.178.125.65"]
[Date "1999.08.30"]
[Round "?"]
[White "inmortal"]
[Black "Hossa"]
[Result "0-1"]
[WhiteElo "2353"]
[BlackElo "2513"]
[PlyCount "74"]
[EventDate "1999.??.??"]

1. e4 c6 2. Nc3 d5 3. Nf3 d4 4. Ne2 c5 5. d3 Nc6 6. g3 e5 7. Bg2 Bd6 8. O-O
Nge7 9. Ne1 O-O 10. f4 f6 11. Nf3 b6 12. f5 Bb7 13. g4 Rc8 14. Ng3 b5 15. h4 c4
16. Rf2 a5 17. Bf1 cxd3 18. cxd3 a4 19. g5 Rc7 20. Rg2 Bc5 21. Nh5 Nxf5 22.
exf5 fxg5 23. Nxg5 Nb4 24. Ne6 Qxh4 25. Nxf8 Bxg2 26. Bxg2 Bxf8 27. Bd2 Nxd3
28. Qe2 Nxb2 29. Qxe5 Rf7 30. Ng3 Nc4 31. Qb8 Nxd2 32. Bd5 Qg4 33. Bxf7+ Kxf7
34. Qb7+ Kg8 35. Qd5+ Kh8 36. Kf2 Qf4+ 37. Kg2 37... Bd6 {inmortal resigns} 0-1

[Event "ICS rated blitz match"]
[Site "204.178.125.65"]
[Date "1999.08.29"]
[Round "?"]
[White "inmortal"]
[Black "Hossa"]
[Result "1-0"]
[WhiteElo "2310"]
[BlackElo "2484"]
[PlyCount "75"]
[EventDate "1999.??.??"]

1. e4 c5 2. Nc3 e6 3. g3 d5 4. Bg2 d4 5. Nce2 Nc6 6. d3 Be7 7. f4 Nf6 8. h3 O-O
9. Nf3 Nd7 10. O-O f6 11. g4 e5 12. f5 b6 13. h4 Bb7 14. Ng3 Bd6 15. Rf2 Rc8
16. Bf1 Qe7 17. Rg2 a5 18. g5 fxg5 19. hxg5 b5 20. Nh4 Qe8 21. Nh5 Rd8 22. Qg4
a4 23. Be2 Nb4 24. Bf3 Kh8 25. a3 Nc6 26. Bd2 Rf7 27. Rf1 Qe7 28. Rh2 Kg8 29.
g6 hxg6 30. Nxg6 Qe8 31. Nhf4 Rf8 32. Ne6 Nb6 33. Rh7 Rd7 34. Qh5 Nb4 35. axb4
Re7 36. Rh8+ Kf7 37. Nxe5+ Kf6 38. Ng4# {Hossa checkmated} 1-0

[Event "ICS rated blitz match"]
[Site "204.178.125.65"]
[Date "1999.08.28"]
[Round "?"]
[White "inmortal"]
[Black "Hossa"]
[Result "1-0"]
[WhiteElo "2350"]
[BlackElo "2529"]
[PlyCount "119"]
[EventDate "1999.??.??"]

1. e4 e5 2. Nf3 d6 3. Bc4 Nc6 4. O-O f5 5. exf5 Bxf5 6. d4 exd4 7. Nxd4 Nxd4 8.
Qxd4 Nf6 9. Re1+ Kd7 10. Bg5 Kc8 11. Nc3 h6 12. Qf4 Bd7 13. Bxf6 gxf6 14. Nd5
f5 15. Bd3 Rh7 16. Bxf5 Rf7 17. Bxd7+ Rxd7 18. Qf5 Bg7 19. c3 Be5 20. f4 c6 21.
fxe5 cxd5 22. exd6 Kb8 23. Re6 Rxd6 24. Rxd6 Qxd6 25. Rd1 Qb6+ 26. Qf2 Qxf2+
27. Kxf2 Kc7 28. Rxd5 Rf8+ 29. Ke3 Rf1 30. Rd2 a5 31. g4 Rg1 32. Kf4 Ra1 33. a3
Rf1+ 34. Ke5 a4 35. h4 Rh1 36. h5 Rf1 37. Rd4 Rf2 38. Rxa4 Rxb2 39. Kf5 Rb5+
40. Kg6 Rb6+ 41. Kh7 Rc6 42. Rf4 Ra6 43. a4 Kb8 44. a5 Rc6 45. c4 Ka7 46. Kg7
Ka6 47. Rf6 Rxf6 48. Kxf6 Kxa5 49. g5 hxg5 50. h6 g4 51. h7 Kb4 52. h8=Q Kb3
53. Ke5 g3 54. Qg7 b6 55. Qxg3+ Kb4 56. Kd5 b5 57. cxb5 Ka5 58. Kc5 Ka4 59. Qd3
Ka5 60. Qa3# {Hossa checkmated} 1-0

[Event "ICS rated blitz match"]
[Site "204.178.125.65"]
[Date "1999.09.01"]
[Round "?"]
[White "inmortal"]
[Black "Hossa"]
[Result "0-1"]
[WhiteElo "2400"]
[BlackElo "2488"]
[PlyCount "62"]
[EventDate "1999.??.??"]

1. e4 e5 2. Nf3 Nc6 3. Bc4 Bc5 4. O-O d6 5. d3 Bg4 6. c3 Na5 7. Bb5+ c6 8. Ba4
Bxf3 9. Qxf3 b5 10. Bc2 b4 11. Qg3 Qf6 12. Nd2 bxc3 13. bxc3 Ne7 14. Nb3 Nxb3
15. axb3 O-O 16. b4 Bb6 17. Be3 d5 18. Ra6 Rab8 19. Bxb6 axb6 20. Rfa1 Ng6 21.
Qe3 Rfd8 22. g3 d4 23. cxd4 Rxd4 24. Ra8 Qd8 25. Rxb8 Qxb8 26. Bb3 Rxb4 27. Bc4
b5 28. Ba2 Ra4 29. Qc5 Qa7 30. Qc2 h6 31. h4 31... Nf8 {inmortal resigns} 0-1

[Event "ICS rated blitz match"]
[Site "204.178.125.65"]
[Date "1999.08.29"]
[Round "?"]
[White "inmortal"]
[Black "Hossa"]
[Result "0-1"]
[WhiteElo "2324"]
[BlackElo "2491"]
[Annotator "regina"]
[PlyCount "46"]
[EventDate "1999.??.??"]

1. e4 e5 2. Nf3 Nc6 3. Bc4 Nf6 4. Ng5 d5 5. exd5 Nxd5 6. Nxf7 Kxf7 7. Qf3+ Ke6
8. Nc3 Nce7 9. d4 c6 10. Bg5 $146 ({RR} 10. Qe4 10... Ng6 11. f4 Kd7 12. Nxd5
cxd5 13. Bxd5 Kc7 14. Bd2 Kb8 15. dxe5 Bc5 16. O-O-O Ne7 17. Bc4 Bf5 18. Qf3
Qb6 19. Bc3 a6 20. g4 Be6 21. Bxe6 Qxe6 22. Kb1 g6 23. Rd3 Ka7 24. Rhd1 Raf8
25. b4 Bb6 26. Rd7 Nc6 27. Qxc6 Qxc6 28. R1d6 Rd8 29. e6 Rhe8 30. Rxc6 Rxd7 31.
exd7 Re1+ 32. Bxe1 bxc6 33. Bf2 {
1-0 Mansoor,M-Cox,V/Dubai olm 1986/TD 86\02 (33)}) ({RR} 10. Ne4 10... Kd7 11.
Ng5 Qc7 12. Nf7 Rg8 13. Nxe5+ Kd8 14. c3 g5 15. Nf7+ Ke8 16. Nxg5 h6 17. Ne4
Rg7 18. Bxh6 Rf7 19. Qh5 Bxh6 20. Qxh6 Qf4 21. Nd6+ Kd7 22. Nxf7 Qxf7 23. Qd2
Qg6 24. f3 24... Kc7 {
Terytse,C-Nyambir,B/WchJW-U14 St.Lorenzo 1995/JUN 95/1-0 (48)}) 10... exd4 11.
O-O-O Kd6 12. Rxd4 Qb6 13. Qf4+ Kd7 14. Rhd1 Ke8 15. Ne4 Nxf4 16. Nd6+ Kd7 17.
Nf7+ Ned5 18. Bxf4 Bc5 19. Rxd5+ cxd5 20. Rxd5+ Ke8 21. Nxh8 Bxf2 22. Re5+ Kf8
23. Bg5 23... Bc5 {inmortal resigns} 0-1

[Event "ICS rated blitz match"]
[Site "204.178.125.65"]
[Date "1999.08.29"]
[Round "?"]
[White "inmortal"]
[Black "Hossa"]
[Result "0-1"]
[WhiteElo "2323"]
[BlackElo "2471"]
[PlyCount "60"]
[EventDate "1999.??.??"]

1. e4 e5 2. Nf3 Nc6 3. Bc4 Nf6 4. O-O Bc5 5. d3 d6 6. c3 O-O 7. Bb3 d5 8. Nbd2
Bg4 9. h3 Be6 10. Re1 d4 11. Bc2 Qd6 12. Qe2 Rad8 13. g4 Nd7 14. Nf1 dxc3 15.
bxc3 f6 16. Ng3 Ba3 17. Kg2 Bxc1 18. Rexc1 Qa3 19. Qe1 Rf7 20. Nh4 Nc5 21. Rd1
Rfd7 22. Nhf5 Nxd3 23. Bxd3 Rxd3 24. Nh5 Bxf5 25. gxf5 Rxc3 26. Rxd8+ Nxd8 27.
Rd1 Nf7 28. Rd7 Rxh3 29. Qd1 Rh4 30. Rxc7 30... Qh3+ {inmortal resigns} 0-1

[Event "ICS rated blitz match"]
[Site "204.178.125.65"]
[Date "1999.08.30"]
[Round "?"]
[White "inmortal"]
[Black "Hossa"]
[Result "0-1"]
[WhiteElo "2364"]
[BlackElo "2486"]
[PlyCount "106"]
[EventDate "1999.??.??"]

1. e4 e6 2. d4 d5 3. Nc3 Bb4 4. e5 c5 5. a3 Bxc3+ 6. bxc3 Qc7 7. Nf3 Ne7 8. Bd3
c4 9. Be2 Nbc6 10. O-O O-O 11. a4 Qa5 12. Bd2 Nf5 13. Re1 Bd7 14. Ng5 Nd8 15.
f4 Bxa4 16. g4 Nh4 17. Bf1 Rb8 18. Re3 Ng6 19. f5 Nh8 20. Rh3 h6 21. Nf3 f6 22.
Qc1 exf5 23. gxf5 fxe5 24. Nxe5 Rxf5 25. Bxh6 Ne6 26. Bg2 Nf7 27. Nxf7 Kxf7 28.
Qe3 Re8 29. Rg3 Ng5 30. Qxe8+ Kxe8 31. Bxg5 Qa6 32. h4 Kf7 33. Bh3 g6 34. Re3
Rxg5+ 35. hxg5 Kg7 36. Re7+ Kf8 37. Rae1 Qd6 38. R7e6 Qg3+ 39. Bg2 Qxg5 40.
Rf1+ Kg7 41. Re5 Qd2 42. Bxd5 Qxc3 43. Re7+ Kh6 44. Rf4 Qg3+ 45. Bg2 Qxf4 46.
Rxb7 Qxd4+ 47. Kh2 Qf4+ 48. Kg1 Bxc2 49. Kh1 Be4 50. Kg1 Qe3+ 51. Kh2 Qf2 52.
Kh3 Qxg2+ 53. Kh4 53... g5# {inmortal checkmated} 0-1

[Event "ICS rated blitz match"]
[Site "204.178.125.65"]
[Date "1999.08.30"]
[Round "?"]
[White "inmortal"]
[Black "Hossa"]
[Result "0-1"]
[WhiteElo "2380"]
[BlackElo "2487"]
[PlyCount "106"]
[EventDate "1999.??.??"]

1. e4 e5 2. Nf3 Nc6 3. Bc4 Bc5 4. d3 Nge7 5. O-O O-O 6. c3 d6 7. d4 Bb6 8. h3
exd4 9. cxd4 d5 10. exd5 Nxd5 11. Nc3 Nf6 12. Be3 Re8 13. a3 Be6 14. d5 Na5 15.
Ba2 Bf5 16. Bxb6 cxb6 17. b4 Rc8 18. Nb5 Bc2 19. Qd2 Nb3 20. Bxb3 Bxb3 21. d6
Qd7 22. Nxa7 Ra8 23. Rfe1 Rxa7 24. Rxe8+ Nxe8 25. Ne5 Qxd6 26. Qe3 Qe6 27. Rc1
f6 28. Ng4 Qxe3 29. Nxe3 Rxa3 30. Rc8 Kf7 31. Rb8 Nd6 32. Rd8 Ke6 33. Rh8 h6
34. Rg8 Ra4 35. Rxg7 Rxb4 36. Rg6 h5 37. Rh6 Rb5 38. h4 Nf7 39. Rh7 Re5 40. Rg7
Re4 41. Rg8 Rxh4 42. Rb8 Nd6 43. Rd8 Ra4 44. Rh8 h4 45. Kh2 Rf4 46. Kh3 Rxf2
47. Rxh4 Re2 48. Re4+ Nxe4 49. g3 Rxe3 50. Kh4 Rxg3 51. Kh5 Bc2 52. Kh4 Kf5 53.
Kh5 53... Rh3# {inmortal checkmated} 0-1

[Event "ICS rated blitz match"]
[Site "204.178.125.65"]
[Date "1999.09.03"]
[Round "?"]
[White "ipkis"]
[Black "Hossa"]
[Result "0-1"]
[WhiteElo "2493"]
[BlackElo "2571"]
[PlyCount "92"]
[EventDate "1999.??.??"]

1. c4 c5 2. Nc3 Nc6 3. g3 e5 4. Bg2 Be7 5. e3 d6 6. Nge2 Nh6 7. Nd5 O-O 8. O-O
Bg4 9. h3 Be6 10. Nec3 Nf5 11. d3 Bg5 12. Rb1 f6 13. a3 Qd7 14. Kh2 Nfe7 15. b4
cxb4 16. axb4 Rac8 17. b5 Nb8 18. Ba3 Nxd5 19. Nxd5 Bf5 20. e4 Be6 21. f4 Bh6
22. Bb4 Bxd5 23. exd5 exf4 24. gxf4 Rfe8 25. Qg4 f5 26. Qf3 a6 27. Bc3 Re7 28.
Rf2 Rce8 29. Bd4 Re1 30. Rbb2 Qf7 31. c5 dxc5 32. Bxc5 Qc7 33. Bd4 axb5 34. h4
b4 35. Be5 Qe7 36. Qg3 Na6 37. d4 Rc1 38. d6 Qf7 39. Bf3 b5 40. Rg2 Rc3 41. Qf2
Kh8 42. Rg3 Rc1 43. Qg2 Rb8 44. Bd5 Qh5 45. Rh3 Re8 46. Ra2 46... Rxe5 {
ipkis resigns} 0-1

[Event "ICS rated blitz match"]
[Site "204.178.125.65"]
[Date "1999.09.18"]
[Round "?"]
[White "iva"]
[Black "Hossa"]
[Result "1/2-1/2"]
[WhiteElo "2467"]
[BlackElo "2419"]
[Annotator "Fritz 5.32 (20s)"]
[PlyCount "86"]
[EventDate "1999.??.??"]

1. d4 1... Nf6 {Opening = E10 - 3.Nf3 ---} 2. c4 e6 3. Nf3 3... Na6 $146 (3...
g6 4. Nc3 (4. h3 Bg7 5. Nc3 b6 6. Bf4 Bb7 7. Qd2 h6 8. a3 d6 9. e3 Nbd7 10. Be2
O-O 11. O-O Qe7 12. Bh2 Ne4 13. Nxe4 Bxe4 14. Ne1 Bb7 15. Bf3 Bxf3 16. Nxf3 e5
17. Rad1 e4 18. Ne1 18... f5 {Bykhovsky,A-Budnikov,A/Moscow 1993/EXT 97/ - (34)
}) 4... Bg7 5. Bg5 (5. e4 d6 6. g3 O-O 7. Bg2 Nbd7 8. O-O Rb8 9. h3 b6 10. Be3
Bb7 11. Qc2 Ba6 12. Nd2 c5 13. a4 Qc7 14. d5 exd5 15. exd5 Rbe8 16. Nb5 Qb8 17.
Rfe1 Re7 18. Bf4 Ne5 19. Bxe5 19... dxe5 {
Merqui,Y-Chudleigh,N/Luzern 1982/EXT 97-B/ - (30)}) 5... d6 6. Qd2 O-O 7. Bh6
Nbd7 8. h3 Bxh6 9. Qxh6 Re8 10. e4 Kh8 11. Ng5 e5 12. Nxf7+ {
1-0 Horvath,L-Pruchler,M/Keszthely 1994/EXT 97 (12)}) (3... h6 4. e3 b6 5. Bd3
Bb7 6. O-O c5 7. Nc3 a6 8. Qe2 cxd4 9. exd4 Be7 10. b3 d5 11. Bb2 Qc7 12. Rac1
dxc4 13. bxc4 Qf4 14. d5 O-O 15. dxe6 Bxf3 16. exf7+ Rxf7 17. Qxf3 Qxf3 18.
gxf3 {Sonomoto,S-Alhindi,A/Graz 1981/EXT 99/1-0 (62)}) 4. Nc3 Bb4 5. Bd2 O-O 6.
e3 c5 7. Bd3 d5 8. O-O Nc7 9. a3 Bxc3 10. Bxc3 ({Weniger gut ist} 10. bxc3
10... b6 $11) 10... Ne4 $14 (10... dxc4 11. Bxc4 b5 12. Be2 $14) 11. Qc2 11...
cxd4 $16 (11... Nxc3 12. bxc3 h6 13. cxd5 exd5 14. dxc5 $14) 12. Bxd4 (12. Nxd4
$6 12... Nxc3 13. bxc3 13... e5 $15) (12. Bxe4 $6 12... dxe4 (12... dxc3 $143
13. Bxh7+ Kh8 14. Bd3 $16 (14. bxc3 $143 14... f5 $15)) 13. Nxd4 13... Qh4 $14)
12... f5 13. Rac1 Na6 14. Rfd1 Rf7 15. Ne5 Rc7 16. Bxe4 (16. b4 16... Qh4 $16)
16... fxe4 {Schwarz gewinnt Raum} 17. Qe2 Bd7 18. c5 $11 (18. Qg4 $5 $142 18...
b6 19. b4 $16) 18... Ba4 19. Re1 19... Rac8 {
Steigert den Druck auf den Bauern c5} 20. b4 Qh4 21. f3 21... Rf8 $14 (21...
Nb8 22. fxe4 Qxe4 23. Rf1 $14) 22. f4 Nb8 23. b5 23... Rf5 $16 (23... Rfc8 $5
$11 $142 {und Schwarz spielt mit}) 24. g3 $14 (24. Qd2 Rh5 25. h3 $18) 24...
Qh3 $2 $18 (24... Qe7 $5 $14 $142 {sieht noch spielbar aus}) 25. b6 $16 (25.
Rb1 $5 $18 $142) 25... axb6 26. cxb6 {Weiss erhaelt starke Initiative.} 26...
Rxc1 27. Rxc1 Bc6 28. Nxc6 28... bxc6 {
Der Freibauer b6 wird schnell zu einer gefaehrlichen Waffe} (28... Nxc6 $4 29.
Rxc6 $1 {und der Wal spuckt Jonas wieder aus} 29... bxc6 30. Bc5 $18) 29. a4
Rf8 (29... h5 30. Be5 Nd7 31. b7 $18) 30. a5 Rc8 (30... e5 31. Bxe5 Nd7 32.
Rxc6 Nxe5 33. fxe5 33... Qf5 $18) 31. a6 e5 32. Bxe5 {Droht entscheidend a7}
32... Nd7 (32... Qd7 {holt die Kuh nicht vom Eis} 33. a7 Qb7 34. Qg4 $18) 33.
b7 {Droht Matt} 33... Nxe5 34. fxe5 {Weiss droht stark a7} 34... Qd7 35.
bxc8=Q+ Qxc8 36. Rb1 (36. Qb5 h5 37. Qxc6 Qxc6 38. Rxc6 Kf8 39. a7 Kf7 40. a8=Q
h4 41. Qc8 hxg3 42. Qe6+ Kf8 43. Rc8#) 36... Qc7 37. Rb7 {
Mit der Mattdrohung Qh5} 37... Qc8 {
Weiss darf Schwarz nun nicht zu h6 kommen lassen} 38. Qb2 $18 (38. Qf2 Kh8 39.
a7 h5 40. Rb8 Kh7 41. Qf7 Qg4 42. Rh8+ Kxh8 43. a8=Q+ Kh7 44. Qag8+ Kh6 45.
Qh8+ Kg5 46. Qhxg7#) 38... Qg4 39. a7 (39. Qf2 Qd1+ 40. Kg2 Qf3+ 41. Qxf3 exf3+
42. Kxf3 h5 43. a7 Kh7 44. a8=Q h4 45. Qf8 Kg6 46. Qxg7+ Kf5 47. Qf6#) 39...
Qd1+ 40. Kg2 $11 (40. Kf2 Qf3+ 41. Ke1 $18) 40... Qf3+ 41. Kg1 {Droht Matt: a8Q
} 41... Qd1+ 42. Kg2 $11 (42. Kf2 Qf3+ 43. Ke1 $18) 42... Qf3+ 43. Kg1 {
Es droht Matt} 43... Qd1+ 1/2-1/2

[Event "ICS rated blitz match"]
[Site "204.178.125.65"]
[Date "1999.09.27"]
[Round "?"]
[White "iva"]
[Black "Hossa"]
[Result "0-1"]
[WhiteElo "2450"]
[BlackElo "2492"]
[PlyCount "94"]
[EventDate "1999.??.??"]

1. c4 Nf6 2. Nc3 e5 3. Nf3 Nc6 4. d4 exd4 5. Nxd4 Bb4 6. g3 O-O 7. Bg2 Bxc3+ 8.
bxc3 Ne5 9. c5 Re8 10. O-O Ng6 11. Rb1 Ne4 12. Qc2 Nxc5 13. Ba3 d6 14. Rfd1 Qe7
15. h3 Qe5 16. Nb5 Bf5 17. e4 Nxe4 18. Re1 Nxg3 19. Rxe5 Bxc2 20. Rxe8+ Rxe8
21. Rb2 Ne2+ 22. Kh2 Bd3 23. Nxc7 Rb8 24. Bxd6 Rd8 25. Bb4 Rd7 26. Ne8 Ngf4 27.
Nd6 Nxg2 28. Kxg2 Nf4+ 29. Kg3 Nd5 30. Nc8 b5 31. Bc5 Rc7 32. Nxa7 Rxc5 33. a4
Nxc3 34. axb5 Bxb5 35. f3 h5 36. Nc8 Rxc8 37. Rd2 Ne2+ 38. Kf2 Nf4 39. Kg3 g5
40. h4 Ne2+ 41. Kh3 f6 42. hxg5 fxg5 43. Rd6 Kg7 44. Kh2 Rc2 45. Kh1 Ng3+ 46.
Kg1 Bf1 47. Rd5 47... Rg2# {iva checkmated} 0-1

[Event "ICS rated blitz match"]
[Site "204.178.125.65"]
[Date "1999.09.20"]
[Round "?"]
[White "iva"]
[Black "Hossa"]
[Result "1-0"]
[WhiteElo "2424"]
[BlackElo "2404"]
[PlyCount "111"]
[EventDate "1999.??.??"]

1. d4 Nf6 2. Nf3 e6 3. Bg5 d5 4. c4 Bb4+ 5. Nc3 c5 6. cxd5 exd5 7. e3 O-O 8.
Bd3 cxd4 9. Nxd4 Bxc3+ 10. bxc3 Nbd7 11. O-O Nc5 12. c4 Nxd3 13. Qxd3 dxc4 14.
Qxc4 Bd7 15. Rab1 Rc8 16. Qb4 b6 17. Rbc1 Nd5 18. Bxd8 Nxb4 19. Rxc8 Bxc8 20.
Be7 Nxa2 21. Bxf8 Kxf8 22. Ra1 Nb4 23. Rxa7 Ke8 24. Kf1 Ba6+ 25. Ke1 Bc4 26.
Kd2 Bd5 27. f3 h5 28. e4 Nc6 29. Nxc6 Bxc6 30. Ra6 g5 31. Rxb6 Kd7 32. Ke3 Kc7
33. Rb2 Kd6 34. Kd4 Ke7 35. Ke5 f6+ 36. Kd4 h4 37. Rb6 Bd7 38. e5 fxe5+ 39.
Kxe5 Kf7 40. Rb7 Ke7 41. Ra7 g4 42. fxg4 Ke8 43. h3 Bc6 44. Ke6 Kf8 45. Ra2 Kg8
46. Kf6 Bd5 47. Rd2 Bc4 48. g5 Kh8 49. g6 Be6 50. Rd4 Ba2 51. Rxh4+ Kg8 52. Ra4
Bd5 53. Rd4 Kf8 54. Rxd5 Ke8 55. h4 Kf8 56. Rd8# {Hossa checkmated} 1-0

[Event "ICS rated blitz match"]
[Site "204.178.125.65"]
[Date "1999.09.20"]
[Round "?"]
[White "izirom"]
[Black "Hossa"]
[Result "1-0"]
[WhiteElo "2085"]
[BlackElo "2372"]
[PlyCount "117"]
[EventDate "1999.??.??"]

1. e4 c5 2. Nf3 d6 3. d4 cxd4 4. Nxd4 Nf6 5. Nc3 a6 6. Bg5 e6 7. f4 Be7 8. Qf3
e5 9. Nf5 Bxf5 10. exf5 Nc6 11. O-O-O Ng8 12. Nd5 Bxg5 13. fxg5 Qxg5+ 14. Kb1
Rc8 15. Nb6 Rd8 16. Bxa6 Nd4 17. Qxb7 Ne7 18. Nd5 Nxd5 19. Bb5+ Kf8 20. Qxd5
Nxb5 21. Qxb5 Qxg2 22. Qb6 Ke7 23. Rhg1 Qxh2 24. Rxg7 Kf6 25. Rdg1 Qh5 26. Qc7
Rhe8 27. a4 Rh8 28. a5 Rhf8 29. a6 Rh8 30. a7 Rhf8 31. b4 Rh8 32. b5 Rhf8 33.
b6 h6 34. b7 Kxf5 35. b8=Q Rxb8+ 36. axb8=Q Rxb8+ 37. Qxb8 f6 38. Qc8+ Kf4 39.
Qg4+ Qxg4 40. R7xg4+ Kf5 41. Rh4 Ke6 42. Rxh6 d5 43. Rgg6 e4 44. Rxf6+ Ke5 45.
Kc1 Kd4 46. Kd2 Kc5 47. Rh5 Kb4 48. Rxd5 Kc4 49. Re5 Kb4 50. Rfe6 Kc4 51. Rxe4+
Kc5 52. R6e5+ Kc6 53. Rh5 Kc7 54. Rg4 Kd7 55. Rg6 Ke7 56. Rh7+ Kf8 57. Ra7 Ke8
58. Rb6 Kd8 59. Rb8# {Hossa checkmated} 1-0

[Event "ICS rated blitz match"]
[Site "204.178.125.65"]
[Date "1999.10.18"]
[Round "?"]
[White "jacobost"]
[Black "Hossa"]
[Result "0-1"]
[WhiteElo "2215"]
[BlackElo "2495"]
[PlyCount "104"]
[EventDate "1999.??.??"]

1. g3 e5 2. Bg2 f5 3. c4 Nc6 4. d3 Nf6 5. Nc3 Bc5 6. e3 d6 7. Nge2 O-O 8. a3
Bb6 9. b4 a5 10. Rb1 axb4 11. axb4 Be6 12. Nd5 Bxd5 13. cxd5 Ne7 14. O-O Qe8
15. Nc3 Qf7 16. Qb3 Kh8 17. Bd2 e4 18. dxe4 fxe4 19. Nxe4 Nfxd5 20. Ng5 Qg6 21.
e4 Nf6 22. Ne6 Nxe4 23. Bxe4 Qxe4 24. Nxf8 Rxf8 25. Rbe1 Qd5 26. Qxd5 Nxd5 27.
Kg2 c5 28. bxc5 dxc5 29. Re5 Rd8 30. Rb1 Bc7 31. Bg5 Bxe5 32. Bxd8 Bd4 33. Rxb7
h5 34. Ba5 Kh7 35. Kf3 Kg6 36. Rd7 Nf6 37. Rc7 Nd5 38. Rc6+ Kf5 39. Bb6 Ne7 40.
Rc7 Nd5 41. Bxc5 Nxc7 42. Bxd4 g5 43. h3 g4+ 44. hxg4+ hxg4+ 45. Ke3 Nd5+ 46.
Kd3 Nb4+ 47. Kc3 Ke4 48. Kxb4 Kxd4 49. Kb5 Ke4 50. Kc4 Kf3 51. Kd4 Kxf2 52. Ke4
52... Kxg3 {jacobost resigns} 0-1

[Event "ICS rated blitz match"]
[Site "204.178.125.65"]
[Date "1999.09.23"]
[Round "?"]
[White "jacobost"]
[Black "Hossa"]
[Result "1-0"]
[WhiteElo "2137"]
[BlackElo "2405"]
[PlyCount "59"]
[EventDate "1999.??.??"]

1. g3 d5 2. Nf3 c5 3. Bg2 Nc6 4. O-O e6 5. d3 Nf6 6. Nbd2 Be7 7. e4 O-O 8. Re1
Re8 9. e5 Nd7 10. Nf1 b5 11. h4 a5 12. Bf4 Ba6 13. N1h2 b4 14. Ng5 Bxg5 15.
hxg5 Rb8 16. Qh5 a4 17. Ng4 Rb6 18. Bf3 Nd4 19. Bd1 a3 20. bxa3 bxa3 21. Kg2
Bb5 22. Rh1 Nf8 23. Nf6+ gxf6 24. gxf6 Ba4 25. Qg5+ Ng6 26. Qh6 Nxf4+ 27. gxf4
Qxf6 28. exf6 Nf5 29. Qxh7+ Kf8 30. Qh8# {Hossa checkmated} 1-0

[Event "ICS rated blitz match"]
[Site "204.178.125.65"]
[Date "1999.10.05"]
[Round "?"]
[White "jacobost"]
[Black "Hossa"]
[Result "1-0"]
[WhiteElo "2321"]
[BlackElo "2508"]
[PlyCount "117"]
[EventDate "1999.??.??"]

1. g3 d5 2. Bg2 e5 3. d3 Nc6 4. Nf3 Bd6 5. O-O Nge7 6. e4 dxe4 7. dxe4 O-O 8.
c3 Rb8 9. Nbd2 Qd7 10. Qe2 b6 11. b4 Ng6 12. a4 Rd8 13. Nc4 Qg4 14. h3 Qd7 15.
Rd1 Qe8 16. Ne3 f6 17. h4 a5 18. b5 Nce7 19. h5 Nf8 20. Nh4 h6 21. Bf3 Bh3 22.
Bg4 Bxg4 23. Qxg4 Qf7 24. Nef5 Kh7 25. Be3 Nc8 26. Rd5 Ne7 27. Rd2 Nxf5 28.
Nxf5 Be7 29. Rad1 Rxd2 30. Rxd2 Rd8 31. Qd1 Rxd2 32. Qxd2 Ba3 33. Qd5 Qxd5 34.
exd5 Nd7 35. c4 Bc5 36. Bd2 Bd4 37. Nxd4 exd4 38. Bf4 Ne5 39. Bxe5 fxe5 40. c5
d3 41. Kf1 d2 42. Ke2 bxc5 43. d6 cxd6 44. b6 d5 45. b7 d1=Q+ 46. Kxd1 d4 47.
b8=Q e4 48. Qe5 e3 49. Qf5+ Kh8 50. fxe3 d3 51. Kd2 Kg8 52. Kxd3 Kh8 53. Kc4
Kg8 54. Kd5 Kh8 55. Ke6 Kg8 56. Qf7+ Kh8 57. Qe8+ Kh7 58. Kf7 g6 59. Qg8# {
Hossa checkmated} 1-0

[Event "ICS rated blitz match"]
[Site "204.178.125.65"]
[Date "1999.10.14"]
[Round "?"]
[White "jacobost"]
[Black "Hossa"]
[Result "1-0"]
[WhiteElo "2185"]
[BlackElo "2364"]
[PlyCount "117"]
[EventDate "1999.??.??"]

1. g3 d5 2. Bg2 e5 3. d3 Nc6 4. Nd2 Bb4 5. c3 Bc5 6. e4 Nf6 7. Ngf3 O-O 8. b4
Bd6 9. a3 a5 10. b5 Ne7 11. exd5 Nexd5 12. Bb2 Re8 13. O-O Bg4 14. Re1 Qd7 15.
Qc2 Qxb5 16. c4 Qc5 17. d4 exd4 18. Bxd4 Rxe1+ 19. Rxe1 Qxa3 20. cxd5 Bxf3 21.
Nxf3 Rb8 22. Ng5 Qb4 23. Rd1 h6 24. Bxf6 hxg5 25. Bxg5 Re8 26. Bf3 Re1+ 27.
Rxe1 Qxe1+ 28. Kg2 Qe8 29. Qf5 b5 30. Be4 g6 31. Qf3 Be7 32. Bd2 Bb4 33. Bxb4
axb4 34. Bc2 Qe7 35. Bb3 Kf8 36. d6 cxd6 37. Qd5 Qe6 38. Qxe6 fxe6 39. Bxe6 Ke7
40. Bd5 Kf6 41. f4 Kf5 42. Kf3 Kf6 43. h4 Kg7 44. g4 Kh7 45. Ke4 Kg7 46. f5
gxf5+ 47. Kxf5 Kf8 48. Kf6 b3 49. Bxb3 Ke8 50. h5 Kd7 51. h6 Kc6 52. h7 d5 53.
h8=Q d4 54. Ke5 d3 55. Qc8+ Kb6 56. Kd5 d2 57. Qb8+ Ka5 58. Kc5 b4 59. Qa7# {
Hossa checkmated} 1-0